00507 2200193 4500001002100000005001500021035002000036245007700056100001300133250000600146300003800152700001900190260003300209082000800242084001400250020002200264650001000286990001700296INLIS00000000000007020180814014909 a0010-08180000341 aAtlas Lengkap :bProvinsi Jawa Barat /cMahyuzar; Editor, Tim Yudhistira0 aMahyuzar a- axiv,218 hlm. :bilus. ;c29,7 cm.0 aTim Yudhistira aJakarta :bYudhistira,c2010 a912 a912 MAH a a978-979-092-092-7 aAtlas a00290/P/2018